Report of the ''regional seminar on cooperative training'' (Record no. 500978)

000 -LEADER
fixed length control field 00428cam a22001217a 4500
008 - FIXED-LENGTH DATA ELEMENTS--GENERAL INFORMATION
fixed length control field 180718b1967 xxu||||| |||| 00| 0 eng d
082 ## - DEWEY DECIMAL CLASSIFICATION NUMBER
Classification number T16 In8ct
245 ## - TITLE STATEMENT
Title Report of the ''regional seminar on cooperative training''
Statement of responsibility, etc. by International Cooperative Alliance, India
260 ## - PUBLICATION, DISTRIBUTION, ETC.
Place of publication, distribution, etc. Delhi
Name of publisher, distributor, etc. International Cooperative Alliance
Date of publication, distribution, etc. 1967
300 ## - PHYSICAL DESCRIPTION
Extent 18p.
650 ## - SUBJECT ADDED ENTRY--TOPICAL TERM
Topical term or geographic name entry element Co-operative
700 ## - ADDED ENTRY--PERSONAL NAME
Personal name India. International Cooperative Alliance
Holdings
Withdrawn status Lost status Damaged status Not for loan Permanent Location Current Location Date acquired Full call number Barcode Date last seen Price effective from Koha item type
        Indian Institute of Public Administration Indian Institute of Public Administration 2018-08-04 T16 In8ct GR8503 2018-08-04 2018-08-04 GR

Powered by Koha